| 000 | 01862nam a2200337 a 4500 | ||
|---|---|---|---|
| 001 | 000000133 | ||
| 005 | 20240301142820.0 | ||
| 008 | 081204s2008 dr 000 0 spa d | ||
| 020 | _a9789945861358 | ||
| 020 | _a9945861352 | ||
| 040 |
_aDO-SdBNP _bspa _cBNPHU |
||
| 082 |
_a305.87293 _bP438c, 2008 |
||
| 100 | 1 |
_aPérez Cabral, Pedro Andrés, _b1910-1981 _9429 |
|
| 245 | 1 | 3 |
_aLa comunidad mulata : _bel caso socio-político de la República Dominicana / _cPedro Andrés Pérez Cabral ; presentación Sonia Medina Rodríguez. |
| 250 | _a3a ed. | ||
| 260 |
_aSanto Domingo : _bSociedad Dominicana de Bibliófilos, _c2008. |
||
| 300 |
_a286 p. ; _c23 cm. |
||
| 490 | 1 |
_aBibliófilos 2000 ; _v22 |
|
| 500 | _aIncluye referencias bibliográficas y notas al pie de las paginas | ||
| 505 | 0 |
_tPresentación -- _tIntroducción a la tercera edición -- _tDos palabras -- _tLa negociación de los valores -- _tLa defensa social abierta -- _tEl gran miedo y la haitianofobia -- _tLa mulatización en Santo Domingo -- _tComplejo, insularidad, desvinculación telúrica -- _tBlancofilia y servilismo -- _tLa tiranía y el imperio -- _tLa corrupción normalizada -- _tEl problema minoritario -- _tEl Quantum minoritario -- _tLa subminoría nacional -- _tLa jerarquía de los factores sociales -- _tLas cuatro vallas -- _tConclusiones _tEpílogo. |
|
| 590 | _aInventariado, 2018/BT | ||
| 650 | 4 |
_aMulatos _zRepública Dominicana _9430 |
|
| 650 | 4 |
_aSociología política _zRepública Dominicana _9431 |
|
| 651 | 4 |
_aRepública Dominicana _xRelaciones Raciales _9432 |
|
| 651 | 4 |
_aRepública Dominicana _xProblemas Raciales _9433 |
|
| 651 | 4 |
_aRepública Dominicana _xCondiciones Sociales _946 |
|
| 651 | 4 |
_aRepública Dominicana _xHistoria _9170 |
|
| 700 | 1 |
_aMedina Rodríguez, Sonia _9434 |
|
| 830 | 0 |
_aBibliófilos 2000 ; _n22 _9435 |
|
| 910 | _aValidado. Control de calidad. MMOLINA | ||
| 999 |
_c133 _d133 |
||